Technological revolutions and financial capital: the dynamics of Bubbles and Golden ages
Guardat en:
| Autor principal: | |
|---|---|
| Format: | Llibre |
| Idioma: | anglès |
| Publicat: |
Cheltenham
Edward Elgar
2003
|
| Edició: | 1a. ed |
| Matèries: | |
| Etiquetes: |
Afegir etiqueta
Sense etiquetes, Sigues el primer a etiquetar aquest registre!
|
MARC
| LEADER | 00000nam a2200000 a 4500 | ||
|---|---|---|---|
| 001 | UCL9238 | ||
| 003 | CL-VaPUC | ||
| 008 | 040730e20030000uk |||||||||||||||||eng|d | ||
| 020 | |a 1843763311 | ||
| 082 | 0 | 4 | |a 338.42 |b PER |2 21 |
| 100 | 0 | |a Perez, Carlota |e author |9 487039 | |
| 245 | 1 | 0 | |a Technological revolutions and financial capital: the dynamics of Bubbles and Golden ages |
| 250 | |a 1a. ed | ||
| 300 | |a 198 p | ||
| 942 | |c BK | ||
| 945 | |d 20040730 00:00:00 |a cmena | ||
| 260 | |a Cheltenham |b Edward Elgar |c 2003 | ||
| 650 | 7 | |a INNOVACIONES TECNOLOGICAS |2 CL-VaPUC |9 487040 | |
| 650 | 0 | |a Aspectos económicos |9 255165 | |
| 650 | 0 | |a Administración financiera |9 261146 | |
| 583 | |a last modification |c 20150511 04:39:36 |k Rodrigo Vera | ||
| 999 | |c 310102 |d 310100 | ||
| 952 | |0 0 |1 0 |4 0 |6 338_420000000000000_PER_2003 |7 0 |8 A |9 378190 |a BIBING |b BIBING |d 2019-11-21 |i 4042565 |o 338.42 PER 2003 |p 4042565 |r 2025-01-20 |w 2019-11-21 |y BK |k EII | ||
| 952 | |0 0 |1 0 |4 0 |6 338_420000000000000_PER_2003 |7 0 |8 A |9 378191 |a BIBING |b BIBING |d 2019-11-21 |i 4078314 |l 1 |o 338.42 PER 2003 |p 4078314 |r 2025-01-20 |s 2023-05-24 |w 2019-11-21 |y BK |k EII | ||